[Event "Moscow Open Women 2015"]
[Site "Moscow RUS"]
[Date "2015.02.08"]
[Round "9.3"]
[White "Mirzoeva, Elmira"]
[Black "Charochkina, Daria"]
[Result "1/2-1/2"]
[WhiteTitle "WGM"]
[BlackTitle "WGM"]
[WhiteElo "2220"]
[BlackElo "2370"]
[WhiteFideId "4127951"]
[BlackFideId "4180917"]
[EventDate "2015.01.31"]

1. d4 d6 2. Nf3 Nf6 3. c4 g6 4. Nc3 Bf5 5. Bg5 Ne4 6. Nxe4 Bxe4 7. Nd2 Bc6 8. e4
Bg7 9. Be3 Bd7 10. Be2 Nc6 11. Nf3 e5 12. d5 Ne7 13. Nd2 f5 14. f3 O-O 15. Qc2
a5 16. O-O-O c6 17. Kb1 a4 18. Qd3 c5 19. g4 b5 20. cxb5 Rb8 21. Qc2 Bxb5 22.
Bxb5 Rxb5 23. Nc4 fxg4 24. fxg4 Qd7 25. g5 Nc8 26. Qxa4 Rf3 27. Ka1 Qb7 28. Qc2
Qe7 29. Rhf1 Rh3 30. Rf2 Nb6 31. Nxb6 Rxb6 32. Bd2 Qa7 33. Bc1 Rb4 34. Rdf1 Ra4
35. b3 Rb4 36. Rf7 Qa8 37. R7f3 Rh4 38. Re1 Qc8 39. Bd2 Rxh2 40. Qc1 Qg4 41.
Bxb4 Qxf3 42. Bc3 Qg2 43. Qa3 Qg3 44. Qa5 Rc2 45. Bb2 Bf8 46. Rf1 Rf2 47. Qe1
Rxf1 48. Qxf1 Qxg5 49. a4 Qe3 50. Ka2 Qxe4 51. a5 Qb4 52. a6 Qa5+ 53. Kb1 Be7
54. Qc4 Bd8 55. Bc3 Qb6 56. Qa4 c4 57. a7 Qg1+ 58. Kb2 Qf2+ 59. Ka3 Qc5+ 60. b4
Qe3 61. a8=Q Qxc3+ 62. Ka2 Qd2+ 63. Kb1 Qe1+ 64. Ka2 Qd2+ 65. Kb1 Qe1+ 66. Ka2
Qd2+ 67. Kb1 Qe1+ 68. Ka2 1/2-1/2

[Event "Moscow Open Women 2015"]
[Site "Moscow RUS"]
[Date "2015.02.08"]
[Round "9.4"]
[White "Ibrahimova, Sabina"]
[Black "Ovod, Evgenija"]
[Result "0-1"]
[WhiteTitle "WIM"]
[BlackTitle "IM"]
[WhiteElo "2273"]
[BlackElo "2324"]
[WhiteFideId "13403893"]
[BlackFideId "4131827"]
[EventDate "2015.01.31"]

1. e4 e5 2. Nf3 Nc6 3. Bb5 Nf6 4. Qe2 Bc5 5. O-O O-O 6. d3 d6 7. c3 Bb6 8. Bg5
h6 9. Be3 Ne7 10. h3 Ng6 11. Nh2 d5 12. Rd1 Bxe3 13. fxe3 dxe4 14. dxe4 Qe7 15.
Nd2 Be6 16. Nhf1 Qc5 17. Kh1 Rad8 18. Ba4 Rd6 19. Bc2 Rb6 20. Nb3 Qe7 21. Ng3
Nd7 22. Nf5 Qg5 23. Qf2 h5 24. Rd2 Re8 25. Rf1 Ngf8 26. Qe1 Bxf5 27. Rxf5 Qh6
28. Rdf2 Re7 29. Bd3 g6 30. R5f3 h4 31. Bc4 Ne6 32. Bxe6 Rbxe6 33. Rd2 b6 34.
Qf1 a5 35. a4 Kg7 36. Rdf2 f6 37. Rd2 g5 38. Qc4 Nf8 39. Rd8 Qg6 40. Nd2 Qf7 41.
Qd5 Rd7 42. Rxd7 Qxd7 43. Nc4 Qxa4 44. Rf1 Re7 45. b3 Qxb3 46. Qc6 Rf7 47. Rc1
a4 48. Rf1 a3 49. Nd2 Qb2 50. Nf3 a2 51. Qa4 Ne6 52. Qd1 Nc5 53. Nxg5 fxg5 54.
Rxf7+ Kxf7 55. Qh5+ Ke7 56. Qxg5+ Kd7 57. Qf5+ Kc6 0-1

[Event "Moscow Open Women 2015"]
[Site "Moscow RUS"]
[Date "2015.02.08"]
[Round "9.5"]
[White "Tokhirjonova, Gulrukhbegim"]
[Black "Maisuradze, Nino"]
[Result "1-0"]
[WhiteTitle "WFM"]
[BlackTitle "WGM"]
[WhiteElo "2181"]
[BlackElo "2311"]
[WhiteFideId "14203626"]
[BlackFideId "13601717"]
[EventDate "2015.01.31"]

1. e4 c5 2. Nf3 a6 3. c3 d5 4. exd5 Qxd5 5. d4 Nf6 6. Be2 e6 7. O-O Nc6 8. Be3
cxd4 9. cxd4 Be7 10. Nc3 Qd6 11. Qd2 O-O 12. Rfd1 Rd8 13. Na4 Nd5 14. Rac1 Bd7
15. Nc5 Qb8 16. a3 Be8 17. b4 b5 18. Qb2 h6 19. h3 Qb6 20. Bd2 Bf6 21. Ne5 Nde7
22. Bc3 Bg5 23. Rb1 Nd5 24. Bf3 Rac8 25. g3 Nxc3 26. Qxc3 Bf6 27. Qe3 Ne7 28. h4
Nd5 29. Qe1 Ra8 30. Nb3 Bxe5 31. dxe5 Bc6 32. Bg2 Rac8 33. Rbc1 Ne7 34. Rd6 Rxd6
35. exd6 Nf5 36. Qc3 Bd7 37. Qxc8+ Bxc8 38. Rxc8+ Kh7 39. d7 Ne7 40. d8=Q Nxc8
41. Qxc8 1-0